Normal view
MARC view
- Rakhsha, A.B.
Entry Personal Name
001 - CONTROL NUMBER
- control field: 25031
003 - CONTROL NUMBER IDENTIFIER
- control field: NUST
005 - DATE AND TIME OF LATEST TRANSACTION
- control field: 20191030103741.0
008 - FIXED-LENGTH DATA ELEMENTS
- fixed length control field: 191030|| aca||aabn | a|a d
040 ## - CATALOGING SOURCE
- Original cataloging agency: NUST
- Transcribing agency: NUST
100 ## - HEADING--PERSONAL NAME
- Personal name: Rakhsha, A.B.
670 ## - SOURCE DATA FOUND
- Source citation: Work cat.: (NUST): Rakhsha, A.B., Taah Aab /, 2005.
